| 000 | 03121nam a22004215a 4500 | ||
|---|---|---|---|
| 005 | 20090622162841.0 | ||
| 008 | 090324s2009 ii a b 001 0 eng | ||
| 010 | _aENG-94189 | ||
| 020 |
_a9780415544528 _c695.00 |
||
| 035 | _aEN-77722 | ||
| 035 | _aB-361802-809 | ||
| 037 | _bDBAD / PUB | ||
| 037 | _bUppal Book Store | ||
| 040 |
_adpl _bEnglish |
||
| 082 | _a327.17470954073 | ||
| 245 |
_aIndo-us nuclear deal: _cedited by P.R. Chari _bseeking synergy in bilateralism / |
||
| 260 |
_aNew Delhi _bRoutledge _c2009 |
||
| 270 |
_a912-915 Tolstory House, 15-17 Tolstoy Marg _bNew Delhi _e110001 |
||
| 300 |
_ax, 326p. _c23cm(Hb) |
||
| 500 | _aIncludes index | ||
| 610 |
_aIndia _tTreaties, etc. _zUnited states |
||
| 650 |
_aNuclear energy _xGovernment policy _zIndia |
||
| 650 |
_aNuclear energy _zIndia _xInternational cooperation |
||
| 651 |
_aIndia _xForeign relations _zUnited states |
||
| 651 |
_aUnited states _xForeign relations _zIndia |
||
| 700 | _aChari, P.R. | ||
| 942 |
_2ddc _cEN _mIND _h327.17470954073 |
||
| 999 |
_c27785 _d27785 |
||